header

Sacred places, civic purposes (Record no. 8213)

MARC details
000 -LEADER
fixed length control field 01388nam a22003374a 4500
001 - CONTROL NUMBER
control field ebr10026285
003 - CONTROL NUMBER IDENTIFIER
control field CaPaEBR
006 - FIXED-LENGTH DATA ELEMENTS--ADDITIONAL MATERIAL CHARACTERISTICS--GENERAL INFORMATION
fixed length control field m u
007 - PHYSICAL DESCRIPTION FIXED FIELD--GENERAL INFORMATION
fixed length control field cr cn|||||||||
008 - FIXED-LENGTH DATA ELEMENTS--GENERAL INFORMATION
fixed length control field 011011s2001 dcu sb 001 0 eng
010 ## - LIBRARY OF CONGRESS CONTROL NUMBER
Canceled/invalid LC control number 2001006142
020 ## - INTERNATIONAL STANDARD BOOK NUMBER
Cancelled/invalid ISBN 0815702590 (pbk. : alk. paper)
040 ## - CATALOGING SOURCE
Original cataloging agency CaPaEBR
Transcribing agency CaPaEBR
035 ## - SYSTEM CONTROL NUMBER
System control number (OCoLC)228041189
050 14 - LIBRARY OF CONGRESS CALL NUMBER
Classification number HV530
Item number .S25 2001eb
082 04 - DEWEY DECIMAL CLASSIFICATION NUMBER
Classification number 361.7/5/0973
Edition number 21
245 00 - TITLE STATEMENT
Title Sacred places, civic purposes
Medium [electronic resource] :
Remainder of title should government help faith-based charity? /
Statement of responsibility, etc E.J. Dionne and Ming Hsu Chen, editors.
260 ## - PUBLICATION, DISTRIBUTION, ETC. (IMPRINT)
Place of publication, distribution, etc Washington, D.C. :
Name of publisher, distributor, etc Brookings Institution Press,
Date of publication, distribution, etc c2001.
300 ## - PHYSICAL DESCRIPTION
Extent xvi, 354 p.
504 ## - BIBLIOGRAPHY, ETC. NOTE
Bibliography, etc Includes bibliographical references and index.
533 ## - REPRODUCTION NOTE
Type of reproduction Electronic reproduction.
Place of reproduction Palo Alto, Calif. :
Agency responsible for reproduction ebrary,
Date of reproduction 2013.
Note about reproduction Available via World Wide Web.
-- Access may be limited to ebrary affiliated libraries.
650 #0 - SUBJECT ADDED ENTRY--TOPICAL TERM
Topical term or geographic name as entry element Church charities
Geographic subdivision United States.
Topical term or geographic name as entry element Church charities
General subdivision Government policy
Geographic subdivision United States.
Topical term or geographic name as entry element Government aid
Geographic subdivision United States.
Topical term or geographic name as entry element Church and state
Geographic subdivision United States.
655 #7 - INDEX TERM--GENRE/FORM
Genre/form data or focus term Electronic books.
Source of term local
700 1# - ADDED ENTRY--PERSONAL NAME
Personal name Dionne, E. J.
Personal name Chen, Ming Hsu.
710 2# - ADDED ENTRY--CORPORATE NAME
Corporate name or jurisdiction name as entry element ebrary, Inc.
856 40 - ELECTRONIC LOCATION AND ACCESS
Uniform Resource Identifier <a href="http://site.ebrary.com/lib/rucke/Doc?id=10026285">http://site.ebrary.com/lib/rucke/Doc?id=10026285</a>
Public note An electronic book accessible through the World Wide Web; click to view

No items available.

© 2026 Rongo University
Contact us: librarian | system librarian | Rongo university